000 00767nam a2200253 i 4500
001 C2-0252353
003 PPAK
005 20180727215541.0
008 031110s1993 my a|||| ||||| | may d
040 _aPPAK
_beng
_cPPAK
_erda
082 0 4 _a582.0467
_223
090 0 0 _a582.0467
_bMAL
_dKK
110 2 _aMalaysia. Jabatan Pertanian
245 0 0 _aPerkhidmatan ujian biji benih oleh Jabatan Pertanian
264 1 _aKuala Lumpur :
_bJabatan Pertanian ,
_c1993
300 _a17 pages :
_bcolour illustrations ;
_c25 cm
336 _2rdacontent
_atext
337 _2rdamedia
_aunmediated
338 _2rdacarrier
_avolume
500 _aRujukan Teknikal Bil. 58g
650 1 0 _aSeeds - Ecology
710 2 _aMalaysia. Jabatan Pertanian
_eorganizer
942 _ddc
_cB
999 _c65386
_d65386